[Event "AUTO-OPEN-4612"]
[Site "http://www.queenalice.com/game.php?id=1868659"]
[Date "2026.1.30"]
[Round "3"]
[White "IranSilva"]
[Black "raulzampronha"]
[Result "0-1"]
[WhiteElo "1772"]
[BlackElo "2248"]

1. d4 Nf6 2. c4 e6 3. Nc3 Bb4 4. Nf3 c5 5. e3 O-O 6. Bd2 b6 7. Be2 Bb7 8. O-O
cxd4 9. exd4 d5 10. Qb3 Be7 11. Rac1 dxc4 12. Bxc4 Bxf3 13. gxf3 Qxd4 14. Rcd1
Qh4 15. Be3 Nc6 16. Be2 Rfd8 17. Qb5 Bd6 18. f4 Ng4 19. Bxg4 Qxg4+ 20. Kh1 Qf3+
21. Kg1 Ne7 22. Qe2 Qxe2 23. Nxe2 Nd5 24. Kg2 Rac8 25. Rc1 Kf8 26. Kf3 Ke7 27.
Nd4 Rxc1 28. Rxc1 Kd7 29. Nb5 Bb8 30. Rg1 g6 31. h4 h5 32. Rd1 Ke7 33. Rc1 Kd7
34. Nd4 Bd6 35. Nc6 Rc8 36. Nxa7 Ra8 37. Nb5 Rxa2 38. Nxd6 Kxd6 39. Bd4 Ra4 40.
Be5+ Kd7 41. b3 Ra3 42. Rb1 Kc6 0-1

[Event "AUTO-OPEN-4612"]
[Site "http://www.queenalice.com/game.php?id=1868660"]
[Date "2026.1.30"]
[Round "3"]
[White "raulzampronha"]
[Black "IranSilva"]
[Result "1-0"]
[WhiteElo "2249"]
[BlackElo "1770"]

1. e4 e5 2. Nf3 Nf6 3. Nxe5 d6 4. Nf3 Nxe4 5. d4 d5 6. Bd3 Nc6 7. O-O Be7 8. c4
Nb4 9. Be2 O-O 10. Nc3 Bf5 11. a3 Nxc3 12. bxc3 Nc6 13. cxd5 Qxd5 14. Bf4 Bd6
15. c4 Qe4 16. Bxd6 cxd6 17. Re1 Qf4 18. d5 Na5 19. Nd4 Bd7 20. Bf1 Rac8 21. Rc1
b6 22. g3 Qf6 23. Qd3 Rfe8 24. Rxe8+ Rxe8 25. Nb5 Bxb5 26. cxb5 g6 27. h4 h5 28.
Rc7 Re7 29. Rxe7 Qxe7 30. Qc3 Nb7 31. Qc2 Nc5 32. Qc4 1-0

[Event "AUTO-ELITE-2610"]
[Site "http://www.queenalice.com/game.php?id=1869137"]
[Date "2026.2.11"]
[Round "1"]
[White "JailtonMaster"]
[Black "raulzampronha"]
[Result "1/2-1/2"]
[WhiteElo "2139"]
[BlackElo "2247"]

1. d4 Nf6 2. c4 e6 3. Nc3 Bb4 4. a3 Bxc3+ 5. bxc3 c5 6. Bg5 Qa5 7. Qc2 Ne4 8.
Bd2 Nxd2 9. Qxd2 O-O 10. e4 cxd4 11. cxd4 Qxd2+ 12. Kxd2 Nc6 13. d5 Na5 14. Rb1
b6 15. Nf3 Ba6 16. Rb4 Rac8 17. Kc3 Rc7 18. Nd2 Rfc8 19. Bd3 Kf8 20. Kd4 d6 21.
Rc1 Ke7 22. f4 exd5 23. exd5 Kf8 24. g4 Nb7 25. Ne4 Rd8 26. Ra4 Nc5 27. Nxc5
bxc5+ 28. Kc3 Bc8 29. f5 Rb7 30. g5 Re8 31. Kd2 Re5 32. Rf1 Ke8 33. g6 hxg6 34.
fxg6 f6 35. h4 Rbe7 36. Ra5 a6 37. Rb1 Rb7 38. Rxa6 Rxb1 39. Ra8 Rh1 40. Rxc8+
Kd7 41. Rg8 Re7 42. Bf5+ Kc7 43. Be6 Rxh4 44. Kd3 Rd4+ 45. Kc3 Rf4 46. Ra8 Rf3+
1/2-1/2

[Event "AUTO-ELITE-2611"]
[Site "http://www.queenalice.com/game.php?id=1869786"]
[Date "2026.2.25"]
[Round "1"]
[White "boilermaker1234"]
[Black "raulzampronha"]
[Result "1-0"]
[WhiteElo "2472"]
[BlackElo "2253"]

1. e4 c5 2. Nf3 e6 3. d4 cxd4 4. Nxd4 Nf6 5. Nc3 d6 6. Be2 Be7 7. O-O O-O 8. Be3
Nc6 9. a3 a6 10. f4 Qc7 11. Qe1 Nxd4 12. Bxd4 e5 13. fxe5 dxe5 14. Qg3 Bc5 15.
Bxc5 Qxc5+ 16. Kh1 Kh8 17. b4 Qc7 18. Rxf6 gxf6 19. Nd5 Qd8 20. Qh4 1-0